| 000 | 00922nam a22002657a 4500 | ||
|---|---|---|---|
| 010 | _aBAC-EN21 ENG-111727 | ||
| 020 |
_a9788121928137 _c500.00 |
||
| 020 |
_a8121928133 _c500.00 |
||
| 035 | _aEN-95259 | ||
| 035 | _aB-592044-062 | ||
| 037 |
_bUBH/Ven _adpl |
||
| 037 | _bDBAD/PUB | ||
| 082 | _a536.1 | ||
| 100 | _aBrij Lal | ||
| 245 |
_aHeat thermodynamics and statistical physics : _cby Brij Lal [and] N. Subrahmanyam ; revised by P.S. Hemne _bfor B.Sc.students as per UGC model curriculum / |
||
| 250 | _arev. ed | ||
| 260 |
_aNew Delhi _bS. Chand _c2014(repr.) |
||
| 270 |
_a7361, Ram Nagar, _bNew Delhi _e110055 |
||
| 300 |
_axix, 665p. : _c24cm(pbk) _bcol. ill. |
||
| 500 | _aIncludes index | ||
| 700 | _aSubrahmanyam, N. | ||
| 700 | _aHemne, P.S. | ||
| 942 |
_2ddc _cEN _mBRI _h536.1 |
||
| 999 |
_c89097 _d89097 |
||